The pleasures of counting (Record no. 81993)

MARC details
000 -LEADER
fixed length control field 00877nam a2200193 a 4500
008 - FIXED-LENGTH DATA ELEMENTS--GENERAL INFORMATION
fixed length control field 120416s1996 ||||||||||||||||| || u
020 ## - INTERNATIONAL STANDARD BOOK NUMBER
International Standard Book Number 0521568234
050 ## - LIBRARY OF CONGRESS CALL NUMBER
Classification number QA 113 Kor
100 ## - MAIN ENTRY--PERSONAL NAME
Personal name Korner, T. W
245 14 - TITLE STATEMENT
Title The pleasures of counting
260 ## - PUBLICATION, DISTRIBUTION, ETC.
Place of publication, distribution, etc. Cambridge:
Name of publisher, distributor, etc. CUP
Date of publication, distribution, etc. 1996
300 ## - PHYSICAL DESCRIPTION
Extent x, 534p. : ill.
350 ## -
-- 0.00
650 ## - SUBJECT ADDED ENTRY--TOPICAL TERM
Topical term or geographic name entry element MATHEMATICS--POPULAR WORKS
650 ## - SUBJECT ADDED ENTRY--TOPICAL TERM
Topical term or geographic name entry element MATHEMATICS
995 ## -
-- ANNEX COLLECTION (Main Library)
-- 0.00
-- 735410
-- CBU-MAIN LIBRARY (Kitwe)
-- 1
-- 0.00
-- QA 113 Kor
-- 1
-- AVAILABLE
-- 40379
-- Annex Low-Usage Collection
995 ## -
-- MAIN LIBRARY OPEN ACCESS
-- 0.00
-- 729071
-- CBU-MAIN LIBRARY (Kitwe)
-- 2
-- 0.00
-- QA 113 Kor
-- 2
-- AVAILABLE
-- 021029
-- Main Library Open Access Collection
995 ## -
-- MAIN LIBRARY OPEN ACCESS
-- 0.00
-- 728981
-- CBU-MAIN LIBRARY (Kitwe)
-- 3
-- 0.00
-- QA 113 Kor
-- 3
-- AVAILABLE
-- 020945
-- Main Library Open Access Collection
999 ## -
-- 81993
-- 81993
Holdings
Withdrawn status Lost status Source of classification or shelving scheme Damaged status Not for loan Permanent Location Current Location Shelving location Date acquired Total Checkouts Full call number Barcode Date last seen Copy number Price effective from Koha item type
          CBU-MAIN LIBRARY, KITWE. CBU-MAIN LIBRARY, KITWE.   09/12/2023   QA 113 Kor 40379 09/12/2023 1 09/12/2023 MONOGRAPH
          CBU-MAIN LIBRARY, KITWE. CBU-MAIN LIBRARY, KITWE.   09/12/2023   QA 113 Kor 021029 09/12/2023 2 09/12/2023 MONOGRAPH
          CBU-MAIN LIBRARY, KITWE. CBU-MAIN LIBRARY, KITWE.   09/12/2023   QA 113 Kor 020945 09/12/2023 3 09/12/2023 MONOGRAPH